An analysis of gender inequality within the specific context of matrimonial rights under the marriage act 2014/ (Record no. 4197)
| 000 -LEADER | |
|---|---|
| fixed length control field | 00448nam a22001457a 4500 |
| 003 - CONTROL NUMBER IDENTIFIER | |
| control field | OSt |
| 005 - DATE AND TIME OF LATEST TRANSACTION | |
| control field | 20190711135942.0 |
| 008 - FIXED-LENGTH DATA ELEMENTS--GENERAL INFORMATION | |
| fixed length control field | 190711b xxu||||| |||| 00| 0 eng d |
| 050 ## - LIBRARY OF CONGRESS CALL NUMBER | |
| Classification number | HQ1236.5.K58 2017 |
| 100 ## - MAIN ENTRY--PERSONAL NAME | |
| Personal name | Kithinji, Maseka |
| 245 ## - TITLE STATEMENT | |
| Title | An analysis of gender inequality within the specific context of matrimonial rights under the marriage act 2014/ |
| Statement of responsibility, etc | Maseka Kithinji |
| 260 ## - PUBLICATION, DISTRIBUTION, ETC. (IMPRINT) | |
| Place of publication, distribution, etc | Nairobi |
| Date of publication, distribution, etc | 2017 |
| 300 ## - PHYSICAL DESCRIPTION | |
| Extent | 88p |
| Dimensions | 26cm |
| 942 ## - ADDED ENTRY ELEMENTS (KOHA) | |
| Source of classification or shelving scheme | |
| Koha item type | Research Project |
| Withdrawn status | Lost status | Source of classification or shelving scheme | Damaged status | Not for loan | Home library | Current library | Shelving location | Date acquired | Total Checkouts | Full call number | Barcode | Date last seen | Price effective from | Koha item type |
|---|---|---|---|---|---|---|---|---|---|---|---|---|---|---|
| Riara University Library | Riara University Library | Special Collection | 11/07/2019 | RUSC HQ1236.5.K58 2017 | 374/19 | 11/07/2019 | 11/07/2019 | Research Project |
